000
00334nam a22001457a 4500
008
221121b ||||| |||| 00| 0 eng d
020
_a
9780205501748
041
_a
eng
080
_a
159.9
082
_a
159.9MPO
100
_a
25
101
_a
PSI
245
_a
ASSESSMENT IN REHABILITATION AND HEALTH
_c
MPOFU E
942
_2
udc
_c
BK
999
_c
58980
_d
58980